Funkční geriatrický index: spolehlivost a přesnost testu určeného pro diagnostiku zdravotního pojištění

Bibliographic Details
Main Authors: Topinková, Eva, 1953- (Author), Neuwirth, Jiří, 1932-2022 (Author), Hampl, J. (Author), Mejstříková, H. (Author)
Format: Article
Language:Slovak
Czech
PhysicalDescription:Grafy 2, tab. 1, res. angl., lit. 18 zázn. v angl., češ.
ISSN:1210-0366
Subjects:

MARC

LEADER 00000nab a2200000 a 4500
001 vtls000515234
003 SK-MaSNL
005 20260305002242.0
008 250425c1994 xo 0 slo
015 |a SNBRB19rr/mm-uuuuu 
035 |a CL0515372 
035 |a urn:nbn:sk:snk-ab7ags 
035 |a (uuid)cb60b491-1ece-4ccd-81e5-406b5eb42779 
035 |a (urnnbn)urn:nbn:sk:snk:ar-a07dlr 
035 |a (sysno)vtls000515234 
040 |a SNKBUCL  |b slo  |c SNKBUCL  |e AACR2 
041 0 |a cze 
044 |a xo  |c SK 
080 |a 616-053.9  |2 1981 
245 0 0 |a Funkční geriatrický index: spolehlivost a přesnost testu určeného pro diagnostiku zdravotního pojištění  |c E. Topinková ... [et al.] 
300 |b Grafy 2, tab. 1, res. angl., lit. 18 zázn. v angl., češ. 
650 0 7 |a geriatria  |2 snkbucl  |9 903 
650 0 7 |a index geriatrický funkčný  |2 snkbucl  |9 1577969 
655 7 |a články z novín a časopisov  |2 snkbucl  |9 267496 
700 1 |a Topinková, Eva,  |d 1953-  |4 aut  |9 209588 
700 1 |a Neuwirth, Jiří,  |d 1932-2022  |4 aut  |9 260589 
700 1 |a Hampl, J.  |4 aut  |9 699721 
700 1 |a Mejstříková, H.  |4 aut  |9 1577970 
773 0 |t EUROREHAB  |g Roč. 4, č. 2 (1994), s. 79-84  |x 1210-0366 
850 |a Slovenská národná knižnica 
852 |a Slovenská národná knižnica 
954 |a odborná, vedecká literatúra cudzojazyčná (svetová)  |2 lita 
954 |a odborná, vedecká literatúra pôvodná (slovenská)  |2 lita 
958 |a article27 
958 |a OND 
958 |a RK 
958 |a MI 
958 |a NB 
958 |a EUIPO 
992 |a RBX 
999 |c 3224713  |d 3226643